Principles and Practice of Commerce (Record no. 862)

MARC details
005 - DATE AND TIME OF LATEST TRANSACTION
control field 20250318083735.0
082 ## - DEWEY DECIMAL CLASSIFICATION NUMBER
Classification number 380.107 STE
100 ## - MAIN ENTRY--PERSONAL NAME
Author name STEPHENSON, M. A.
245 ## - TITLE STATEMENT
Title Principles and Practice of Commerce
250 ## - EDITION STATEMENT
Edition statement 6th Ed.
260 ## - PUBLICATION, DISTRIBUTION, ETC.
Place of publication, distribution, etc. London,
Name of publisher, distributor, etc. Sir Isaac Pitman and Son Ltd
Date of publication, distribution, etc. 1965.
300 ## - PHYSICAL DESCRIPTION
Extent xiv, 616p.: ill.;
Other physical details index,
Dimensions 22cm.
942 ## - ADDED ENTRY ELEMENTS (KOHA)
Source of classification or shelving scheme Dewey Decimal Classification
Koha item type Books
Holdings
Date last seen Total checkouts Full call number Barcode Cost, replacement price Price effective from Koha item type Lost status Source of classification or shelving scheme Damaged status Not for loan Withdrawn status Home library Current library Shelving location Date acquired Cost, normal purchase price
03/18/2025   380.107 STE 0000003494 60000.00 03/18/2025 Books   Dewey Decimal Classification       College of Business Education Main Library College of Business Education Main Library General Collection 03/18/2025 20000.00
03/18/2025   380.107 STE 0000003495 60000.00 03/18/2025 Books   Dewey Decimal Classification       College of Business Education Main Library College of Business Education Main Library General Collection 03/18/2025 20000.00
03/18/2025   380.107 STE 0000003496 60000.00 03/18/2025 Books   Dewey Decimal Classification       College of Business Education Main Library College of Business Education Main Library General Collection 03/18/2025 20000.00
03/18/2025   380.107 STE 0000003497 60000.00 03/18/2025 Books   Dewey Decimal Classification       College of Business Education Main Library College of Business Education Main Library General Collection 03/18/2025 20000.00